[Event "Unterfranken-ch HB 56th"]
[Site "Stetten"]
[Date "2005.03.31"]
[Round "6"]
[White "Sauer, Thomas"]
[Black "Oeser, Armin"]
[Result "1/2-1/2"]
[WhiteElo "1721"]
[BlackElo "1742"]
[PlyCount "25"]
[EventDate "2005.03.28"]
[EventType "swiss"]
[EventRounds "9"]
[EventCountry "GER"]
[SourceTitle "EXT 2015"]
[Source "ChessBase"]
[SourceDate "2014.11.20"]
[SourceVersion "1"]
[SourceVersionDate "2014.11.20"]
[SourceQuality "1"]

1. d4 d5 2. Nf3 Nf6 3. Bf4 Bf5 4. e3 e6 5. Bd3 Bg6 6. Bxg6 hxg6 7. h3 Bd6 8. Bxd6 Qxd6 9. Nbd2 Nbd7 10. a3 c5 11. c4 cxd4 12. Nxd4 a6 13. b3 1/2-1/2